Daňové poradenství a daňoví poradci Zákon o daňovém poradenství a komoře daňových poradců ČR. (S komentářem)
Gespeichert in:
| 1. Verfasser: | |
|---|---|
| Format: | Buch |
| Sprache: | Tschechisch |
| Veröffentlicht: |
Praha
Prospektrum
1993
|
| Ausgabe: | 1. vyd. |
| Schlagworte: | |
| Tags: |
Keine Tags, Fügen Sie das erste Tag hinzu!
|
MARC
| LEADER | 00000nam a2200000 4500 | ||
|---|---|---|---|
| 001 | c002520 | ||
| 005 | 20221214083456.4 | ||
| 020 | |a 80-85431-65-3 | ||
| 041 | 0 | |a cze | |
| 044 | |a CZ | ||
| 245 | 1 | 0 | |a Daňové poradenství a daňoví poradci |b Zákon o daňovém poradenství a komoře daňových poradců ČR. (S komentářem) |c Jindra Potměšilová |
| 250 | |a 1. vyd. | ||
| 264 | 1 | |a Praha |b Prospektrum |c 1993 | |
| 300 | |a 61 s. | ||
| 610 | 2 | 0 | |a poradenstvo |
| 610 | 2 | 0 | |a dane |
| 610 | 2 | 0 | |a Česko |
| 610 | 2 | 0 | |a služby |
| 610 | 2 | 0 | |a ČNR |
| 610 | 2 | 0 | |a 1992 |
| 610 | 2 | 0 | |a sankcie |
| 100 | 1 | |a Potměšilová, Jindra | |